000 01333nam a22002777a 4500
999 _c10931
_d10931
005 20251125232829.0
008 s2544 th tha d
020 _a9745728772
040 _aNALT
041 _atha
050 _aDS586 ส282ป 2544
100 0 _aสมศักดิ์ เจียมธีรสกุล
245 1 0 _aประวัติศาสตร์ที่เพิ่งสร้าง
260 3 _aกรุงเทพฯ :
_b๖ ตุลารำลึก,
_c2544
300 _a213 หน้า ;
_b 21 ซม.
650 0 4 _aเหตุการณ์ 6 ตุลาคม 2519
650 0 4 _aเหตุการณ์ 14 ตุลาคม 2516
650 0 4 _aไทย -- ประวัติศาสตร์ -- 6 ตุลาคม 2519
650 0 4 _aไทย -- ประวัติศาสตร์ -- 14 ตุลาคม 2516
650 0 4 _aไทย -- ประวัติศาสตร์ -- กรุงรัตนโกสินทร์, 2516
650 0 4 _aไทย -- ประวัติศาสตร์ -- กรุงรัตนโกสินทร์, 2519
850 _aNALT
856 4 0 _uhttps://hdl.handle.net/20.500.14156/410582
_71
942 _cGB
_2lcc
_01
998 _j8
_k นายบัณฑิต อุทาวงค์